000 04294nam a22003017a 4500
003 NALT
005 20260223123607.0
008 230906b th ||||| |||| 00| 0 tha d
040 _aNALT
090 _aKH 11
_bว872พ 2563
110 2 _924908
_aสำนักงานเลขาธิการวุฒิสภา.
_bสำนักกฎหมาย.
_bกลุ่มงานพัฒนากฎหมาย
245 1 0 _aพระราชบัญญัติวินัยการเงินการคลังของรัฐ พ.ศ. 2561 พร้อมทั้งสรุปสาระสำคัญ ประวัติ ความเป็นมา กระบวนการและขั้นตอนในการตราพระราชบัญญัติดังกล่าวของสภานิติบัญญัติแห่งชาติ /
_cกลุ่มงานพัฒนากฎหมาย สำนักกฎหมาย สำนักงานเลขาธิการวุฒิสภา.
_h
260 _aกรุงเทพฯ :
_bกลุ่มงานการพิมพ์ สำนักการพิมพ์ สำนักงานเลขาธิการวุฒิสภา,
_c2563.
300 _a129 หน้า :
_bภาพประกอบ, ตาราง, แผนภูมิ ;
_c29 ซม.
505 1 _aพระราชบัญญัติวินัยการเงินการคลังของรัฐ พ.ศ. 2561 -- ภาคผนวก ก. สรุปสาระสำคัญพระราชบัญญัติวินัยการเงินการคลังของรัฐ พ.ศ. 2561 -- 1. เหตุผลในการประกาศใช้ -- 2. วันใช้บังคับ -- 3. สาระสำคัญของพระราชบัญญัติ -- 1) การบังคับใช้กฎหมาย -- 2) บทนิยาม -- 3) รัฐมนตรีผู้รักษาการตามพระราชบัญญัติ -- 4) บททั่วไป -- 5) นโยบายการเงินการคลัง -- 6) วินัยการเงินการคลัง -- 7) การบัญชี การรายงาน และการตรวจสอบ -- 8. การตรวจเงินแผ่นดิน -- 9) บทเฉพาะกาลเกี่ยวกับกฎหมายลำดับรอง -- ข. ประวัติและความเป็นมาของกระบวนการตราพระราชบัญญัติวินัยการเงินการคลังของรัฐ พ.ศ. 2561 -- ค. การพิจารณาร่างพระราชบัญญัติวินัยการเงินการคลังของรัฐ พ.ศ. .... สภานิติบัญญัติแห่งชาติ -- ง. แผนภูมิแสดงกระบวนการตราพระราชบัญญัติตามบทเฉพาะกาล ของรัฐธรรมนูญแห่งราชอาณาจักรไทย พุทธศักราช 2560.
650 4 _99986
_aการคลัง
_xกฎหมายและระเบียบข้อบังคับ
650 4 _918670
_aงบประมาณ
_xกฎหมายและระเบียบข้อบังคับ
650 4 _956057
_aการตรวจสอบภายใน
_xกฎหมายและระเบียบข้อบังคับ
650 4 _99986
_aการคลัง
_xกฎหมายและระเบียบข้อบังคับ
650 4 _953711
_a การคลัง
_xการสอบบัญชี
850 _aNALT
942 _cLB
_2local
996 _achunbijaya.r
_bCATSTF
_c2023-09-06
996 _aareerat.v
_bCATSTF
_c2023-09-08
996 _asaiphon.d
_bCATSTF
_c2023-11-13
999 _c103042
_d103042
998 _j8
_k นายบัณฑิต อุทาวงค์